Normal view MARC view
  • Carré, Clive

Entry Nombre Personal

Number of records used in: 1

001 - NUMERO DE CONTROL

  • campo de control: 47049

003 - IDENTIFICADOR DE NUMERO DE CONTROL

  • campo de control: DLC

005 - FECHA Y HORA DE LA ÜLTIMA TRANSACCIÓN

  • campo de control: 20221007130226.0

008 - DATOS DE LONGITUD FIJA

  • campo de control de longitud fija: 840730n| acannaab| |a aaa |||

010 ## - NÚMERO DE CONTROL DE LA BIBLIOTECA DEL CONGRESO

  • Número de control LC: n 84036507

040 ## - FUENTE DE CATALOGACIÓN

  • Agencia original de catalogación: DLC
  • Lenguaje de catalogación: spa
  • Agencia de transcripción: DLC
  • Agencia que lo modifica: DLC
  • Agencia que lo modifica: MX-MxUPN

100 1# - ENCABEZAMIENTO - NOMBRE PERSONAL

  • Nombre personal: Carré, Clive

670 ## - FUENTE EN LA QUE SE LOCALIZARON DATOS

  • Cita de la fuente: Barlex, D. Visual communication in science, 1984:
  • Información localizada: portada (Clive Carre)

670 ## - FUENTE EN LA QUE SE LOCALIZARON DATOS

  • Cita de la fuente: Bennett, N. Learning to teach, 1993:
  • Información localizada: portada (Clive Carré) solapa (01/05/35)

902 ## - CATALOGADOR

  • Catalogador: Víctor Ruiz/071022